Normal view MARC view
  • Askree, Maj Gen Syed Zafar Mehdi

Entry Personal Name

Number of records used in: 1

001 - CONTROL NUMBER

  • control field: 106582

003 - CONTROL NUMBER IDENTIFIER

  • control field: NUST

005 - DATE AND TIME OF LATEST TRANSACTION

  • control field: 20230102093603.0

008 - FIXED-LENGTH DATA ELEMENTS

  • fixed length control field: 230102|| aca||aabn | a|a d

040 ## - CATALOGING SOURCE

  • Original cataloging agency: NUST
  • Transcribing agency: NUST

100 ## - HEADING--PERSONAL NAME

  • Personal name: Askree, Maj Gen Syed Zafar Mehdi

670 ## - SOURCE DATA FOUND

  • Source citation: Work cat.: (NUST)186250: Askree, Maj Gen Syed Zafar Mehdi, Pakistan Army Green Book -1991, , 1991
© 2023 Central Library, National University of Sciences and Technology. All Rights Reserved.